[Event "Thessaloniki ol (Men)"]
[Site "Thessaloniki"]
[Date "1988.??.??"]
[Round "4"]
[White "Gunawan, Ronny"]
[Black "Wedberg, Tom"]
[Result "1/2-1/2"]
[WhiteElo "2440"]
[BlackElo "2510"]

1.d4 Nf6 2.c4 e6 3.Nf3 c5 4.d5 exd5 5.cxd5 d6 6.Nc3 g6 7.Bf4 a6 8.a4 Bg7
9.e3 O-O 10.Be2 Bg4 11.O-O Qe7 12.Qb3 Qc7 13.h3 Bxf3 14.Bxf3 Nbd7 15.Rfe1 Rfe8
16.e4 Rab8 17.a5 Re7 18.Qc4 Ne5 19.Bxe5 Rxe5 20.b4 Nd7 21.Bg4 b5 22.axb6 Nxb6
23.Qxa6 cxb4 24.Nb5 Qe7 25.Rac1 Nxd5 26.Nd4 Rxe4 27.Rxe4 Qxe4 28.Rc8+ Rxc8
29.Qxc8+ Bf8 30.Ne6 fxe6 31.Qxe6+ Qxe6 32.Bxe6+ Kg7 33.Bxd5 g5 34.Kf1 Kf6
35.Ke2 Ke5 36.Bg8 Kd4 37.Kd2 h5 38.Kc2 d5 39.Kb3 Bc5 40.g3 Ke4 41.Bf7 h4
42.gxh4 gxh4 43.f3+ Kd4 44.Bg8 Bd6 45.f4 Ke4 46.Bf7 Bf8 47.Bg8 Bd6 48.Bf7 Be7
49.Bg8 Bf8 50.Bf7 Be7 51.Bg8 Kd4 52.Be6 Kc5 53.Bf7 Bf6 54.f5 Ba1 55.Bh5 Bc3
56.Bf3 Bf6 57.Bg2 Be5 58.Bf3 Bg7 59.Bg2 Bf6 60.Bf3 Bd4 61.Bg2 Bc3 62.Bf3 Bf6
63.Bg2 Be7 64.Bf3 Kd4 65.f6 Bf8 66.f7 Kc5 67.Bg2  1/2-1/2

[Event "Thessaloniki ol (Men)"]
[Site "Thessaloniki"]
[Date "1988.??.??"]
[Round "6"]
[White "Thomson, Craig S M"]
[Black "Foisor, Ovidiu"]
[Result "1/2-1/2"]
[WhiteElo "2340"]
[BlackElo "2475"]

1.d4 Nf6 2.c4 e6 3.Nf3 c5 4.d5 d6 5.Nc3 exd5 6.cxd5 g6 7.Nd2 Bg7 8.e4 O-O
9.Be2 Na6 10.O-O Nc7 11.a4 b6 12.Nc4 Ba6 13.Bg5 h6 14.Bh4 Qd7 15.f3 Kh7 16.Re1 Rfe8
17.Qd2 Bxc4 18.Bxc4 a6 19.Qd3 Nh5 20.Bf2 Nf4 21.Qf1 g5 22.Be3 Ng6 23.g3 Ne5
24.Be2 b5 25.f4 gxf4 26.gxf4 Ng4 27.Qh3 f5 28.Bxg4 fxg4 29.Qg2 bxa4 30.f5 Be5
31.Nxa4 Rab8 32.Nc3 Rg8 33.Rf1 Qe7 34.Bf4 Bd4+ 35.Kh1 Rb6 36.Rae1 Ne8 37.Re2  1/2-1/2

[Event "Thessaloniki ol (Men)"]
[Site "Thessaloniki"]
[Date "1988.??.??"]
[Round "9"]
[White "Douven, Rudy C"]
[Black "Antonio, Rogelio Jr"]
[Result "1-0"]
[WhiteElo "2430"]
[BlackElo "2325"]

1.d4 Nf6 2.c4 e6 3.Nf3 c5 4.d5 exd5 5.cxd5 d6 6.Nc3 g6 7.e4 a6 8.a4 Bg4 9.h3 Bxf3
10.Qxf3 Bg7 11.g4 O-O 12.Bg2 Nbd7 13.Qg3 Ne8 14.O-O c4 15.g5 Ne5 16.Bd2 Rb8
17.Kh1 b5 18.axb5 axb5 19.f4 Nd3 20.b4 Qd7 21.Rfb1 f6 22.gxf6 Bxf6 23.Rf1 Qg7
24.Ra3 Nxb4 25.e5 Bd8 26.Ne4 Nc2 27.Ra2 Nd4 28.Bb4 Nf5 29.Qc3 Bb6 30.Ng5 Nc7
31.Re2 Bd4 32.Qe1 Rfe8 33.Bxd6 b4 34.Bxb4 Na6 35.Bc3 Rb3 36.Bxd4 Nxd4 37.Rd2 Nf5
38.Rf3 Reb8 39.Rxb3 cxb3 40.d6 Nc5 41.Qc1 Qa7 42.Qc4+ Kh8 43.d7 Rd8 44.Nf7+ Kg7
45.Nxd8 Qa1+ 46.Kh2 Qe1 47.Qf7+  1-0

[Event "Thessaloniki ol (Men)"]
[Site "Thessaloniki"]
[Date "1988.??.??"]
[Round "10"]
[White "Tisdall, Jonathan D"]
[Black "Ionescu, Constantin"]
[Result "0-1"]
[WhiteElo "2460"]
[BlackElo "2465"]

1.d4 Nf6 2.c4 e6 3.Nf3 c5 4.d5 d6 5.Nc3 exd5 6.cxd5 g6 7.Bf4 a6 8.e4 Bg4
9.Qa4+ Nbd7 10.Nd2 b5 11.Qc2 Nh5 12.Be3 Nb6 13.h3 Bd7 14.Be2 Bg7 15.g4 Nf6
16.g5 Nh5 17.Bxh5 gxh5 18.Ne2 Rb8 19.Ng3 Nc4 20.Nxh5 Bxb2 21.Rb1 Be5 22.Nxc4 bxc4
23.Ke2 Rxb1 24.Rxb1 Bxh3 25.Nf6+ Bxf6 26.gxf6 Qxf6 27.Rb8+ Ke7 28.Rb7+ Kf8
29.Bd2 Bg4+ 30.Ke1 Qh4 31.Bc3 f6 32.e5 Qh1+ 33.Kd2 Qxd5+ 34.Kc1 Qxb7  0-1

[Event "Thessaloniki ol (Men)"]
[Site "Thessaloniki"]
[Date "1988.??.??"]
[Round "11"]
[White "Gunawan, Ronny"]
[Black "Mascarinas, Rico"]
[Result "0-1"]
[WhiteElo "2440"]
[BlackElo "2455"]

1.d4 Nf6 2.c4 e6 3.Nf3 c5 4.d5 exd5 5.cxd5 d6 6.Nc3 g6 7.Bf4 a6 8.a4 Qe7
9.e3 Bg4 10.Be2 Bxf3 11.Bxf3 Nbd7 12.O-O Bg7 13.e4 O-O 14.Re1 Rab8 15.Qd2 Rfc8
16.Bg5 h5 17.Bd1 b5 18.axb5 axb5 19.Ra7 b4 20.Nb1 Ra8 21.Rxa8 Rxa8 22.f4 Qe8
23.Bf3 Ra2 24.e5 dxe5 25.Qc2 Nh7 26.Bh4 Qb8 27.f5 g5 28.Bf2 e4 29.Qxe4 g4
30.Bg3 Qd8 31.Be2 Bd4+ 32.Kh1 Ndf6 33.Qf4 Qxd5 34.Nd2 Rxb2 35.Bc4 Qd7 36.Qh6 Bc3
37.Qg6+ Kh8 38.Bxf7 Rxd2 39.h3 Rd1 40.Rxd1 Qxd1+ 41.Kh2 Bd4  0-1

[Event "URS-ch otbor56"]
[Site "Uzhgorod"]
[Date "1988.??.??"]
[Round "?"]
[White "Janjgava, Lasha"]
[Black "Huzman, Alexander"]
[Result "1-0"]
[WhiteElo "2470"]
[BlackElo "2465"]

1.d4 Nf6 2.c4 e6 3.Nf3 c5 4.d5 d6 5.Nc3 exd5 6.cxd5 g6 7.e4 Bg7 8.h3 O-O
9.Bd3 Re8 10.O-O c4 11.Bc2 Nbd7 12.Re1 Nc5 13.Bf4 Qb6 14.Rb1 Nfd7 15.Qd2 a6
16.Re3 Ne5 17.Bxe5 dxe5 18.Na4 Nxa4 19.Bxa4 Rd8 20.Rc3 Qa5 21.Bc2 b5 22.a4 Bd7
23.axb5 axb5 24.b3 Rdc8 25.bxc4 bxc4 26.Bd1 f5 27.h4 fxe4 28.Ng5 e3 29.Qxe3 e4
30.Rc2 Qxd5 31.Rd2 Qc6 32.Rb6 Qc7 33.Qxe4 Qxb6 34.Rxd7 Qc6 35.Rxg7+  1-0

[Event "Uzhgorod"]
[Site "Uzhgorod"]
[Date "1988.??.??"]
[Round "?"]
[White "Magerramov, Elmar"]
[Black "Luther, Thomas"]
[Result "1-0"]
[WhiteElo "2430"]
[BlackElo "2410"]

1.d4 Nf6 2.c4 e6 3.Nf3 c5 4.d5 exd5 5.cxd5 d6 6.Nc3 g6 7.Bf4 a6 8.a4 Bg7
9.g3 O-O 10.Bg2 Nh5 11.Bg5 f6 12.Bd2 f5 13.Ng5 f4 14.Ne6 Bxe6 15.dxe6 Nc6
16.O-O Nd4 17.e3 fxg3 18.fxg3 Rxf1+ 19.Qxf1 Nxe6 20.Bxb7 Ra7 21.Bd5 Qc8 22.Ne4 Kh8
23.Qh3  1-0

[Event "URS-ch otbor56"]
[Site "Uzhgorod"]
[Date "1988.??.??"]
[Round "?"]
[White "Savon, Vladimir A"]
[Black "Annageldiev, Orazly"]
[Result "0-1"]
[WhiteElo "2430"]
[BlackElo "2365"]

1.d4 e6 2.Nf3 Nf6 3.c4 c5 4.d5 exd5 5.cxd5 d6 6.Nc3 g6 7.Bf4 a6 8.a4 Bg7
9.e4 O-O 10.Nd2 Ng4 11.Be2 f5 12.O-O fxe4 13.Bxg4 Rxf4 14.Bxc8 Qxc8 15.Nc4 Bxc3
16.bxc3 Qc7 17.g3 Rf5 18.Qg4 Nd7 19.Qxe4 Ne5 20.f4 Nxc4 21.Qxc4 Re8 22.Rae1 Qd7
23.Re6 Ref8 24.Qe4 R5f7 25.g4 Qd8 26.Kg2 b5 27.axb5 axb5 28.Kg3 Qa5 29.Rf3 Qc7
30.Re8 Qd7 31.Re6 Qc7 32.h3 Qb6 33.Re8 b4 34.cxb4 cxb4 35.Rxf8+ Kxf8 36.Qe3 Qc5
37.Qd3 Qg1+ 38.Kh4 Qe1+ 39.Rg3 Qe7+ 40.g5 Rxf4+ 41.Rg4 Qe1+ 42.Qg3 Qxg3+
43.Kxg3 Rxg4+  0-1

[Event "Vrnjacka Banja"]
[Site "Vrnjacka Banja"]
[Date "1988.??.??"]
[Round "?"]
[White "Gunawan, Ronny"]
[Black "Kovacevic, Vladimir"]
[Result "1-0"]
[WhiteElo "2440"]
[BlackElo "2250"]

1.d4 Nf6 2.c4 e6 3.Nf3 c5 4.d5 exd5 5.cxd5 d6 6.Nc3 g6 7.Bf4 a6 8.a4 Bg7
9.e3 O-O 10.h3 Qe7 11.Nd2 Nh5 12.Bh2 f5 13.Be2 f4 14.O-O fxe3 15.fxe3 Qxe3+
16.Kh1 Ng3+ 17.Bxg3 Qxg3 18.Rxf8+ Bxf8 19.Nce4 Qh4 20.Qb3 Nd7 21.Bg4 c4 22.Be6+ Kh8
23.Qf3 Bg7 24.Qf7 Nf6 25.Nxd6 Bxe6 26.Qxe6 h6 27.N2xc4 Kh7 28.Rf1 Rf8 29.Ne5 Qh5
30.Rf3 b5 31.a5 Qg5 32.b3 Nh5 33.Ndf7 Qc1+ 34.Kh2 Nf4  1-0

[Event "Vrnjacka Banja"]
[Site "Vrnjacka Banja"]
[Date "1988.??.??"]
[Round "?"]
[White "Lukacs, Peter"]
[Black "Kovacevic, Vladimir"]
[Result "1-0"]
[WhiteElo "2490"]
[BlackElo "2250"]

1.d4 Nf6 2.c4 e6 3.Nf3 c5 4.d5 exd5 5.cxd5 d6 6.Nc3 g6 7.Nd2 Nbd7 8.e4 Bg7
9.Be2 O-O 10.O-O Re8 11.a4 Ne5 12.Ra3 g5 13.Qc2 g4 14.Nc4 Nxc4 15.Bxc4 Nh5
16.g3 Be5 17.Nd1 Ng7 18.Ne3 Qf6 19.Bd3 Qg6 20.Bd2 Rb8 21.Bc3 Qh6 22.Nc4 Bxc3
23.bxc3 b6 24.Raa1 Ba6 25.Nd2 Bxd3 26.Qxd3 Re7 27.f3 gxf3 28.Rxf3 a6 29.Raf1 Ne8
30.Nc4 f6 31.Ne3 Qg6 32.Nf5 Ra7 33.Rf4 Kh8 34.Qf3 Qf7 35.Rg4 Qf8 36.Qe3 b5
37.axb5 Rxb5 38.Nh6 Rg7 39.Rgf4 Rbb7 40.Qf3 Rg6 41.Ng4 a5 42.e5 dxe5 43.Nxe5 Rg5
44.Nc6 Rd7 45.c4 a4 46.Qa3 Qh6 47.Qxc5 Qh3 48.R4f3 Rdg7 49.Qa3 h5 50.Re1 Nc7
51.Re7 h4 52.Rxg7 Rxg7 53.Qf8+ Kh7 54.Qxf6 hxg3 55.Qxg7+ Kxg7 56.Rxg3+ Qxg3+
57.hxg3 Na6 58.Nd4 a3 59.Nc2 a2 60.Kf2 Kf6 61.Ke3 Ke5 62.g4 Nc7 63.Kd3 Ne8
64.g5 Nc7 65.Kc3 Kf5 66.Kd4 Kxg5 67.Ke5 Na6 68.Na1 Kg6 69.Ke6 Nc5+ 70.Kd6 Ne4+
71.Ke7 Ng3 72.c5 Nf5+ 73.Ke6 Nd4+ 74.Kd7 Nf3 75.c6 Ne5+ 76.Ke6 Nc4 77.c7 Nb6
78.d6  1-0

[Event "ARG-ch"]
[Site "?"]
[Date "1989.??.??"]
[Round "17"]
[White "Bielicki, Carlos"]
[Black "Paglilla, Carlos"]
[Result "1/2-1/2"]
[WhiteElo "2315"]
[BlackElo "2395"]

1.d4 Nf6 2.Nf3 e6 3.c4 c5 4.d5 exd5 5.cxd5 d6 6.Nc3 g6 7.Nd2 Bg7 8.Nc4 O-O
9.Bg5 Re8 10.e3 Na6 11.Be2 h6 12.Bh4 b6 13.O-O Nc7 14.a4 Ba6 15.Re1 Qd7 16.Bg3 Nh5
17.Bg4 f5 18.Bxh5 gxh5 19.Nxd6 Rf8 20.Bf4 Bxc3 21.bxc3 Rf6 22.Qxh5 Rxd6 23.Bxd6 Qxd6
24.Qxf5 Rf8 25.Qg4+ Kh8 26.e4 Rg8 27.Qh4 Qg6 28.Qg3 Qf7 29.Qe5+ Kh7 30.Re3 Bc8
31.Rae1 Re8 32.Qd6 Qd7 33.Qxd7+ Bxd7 34.Ra1 c4 35.a5 b5 36.Rae1 Rb8 37.Rf3 Kg7
38.Rg3+ Kf8 39.Rg6 b4 40.Rxh6 Kg7 41.Rd6 Ba4 42.cxb4 c3 43.f3 c2 44.Rc1 Nb5
45.Rc6 Nd4 46.Rc7+ Kf6 47.Kf2 Rxb4 48.Rxa7 Rb1 49.Rxc2 Bxc2 50.Ke3 Rd1 51.Ra6+ Kg5
52.Ra8 Rd3+ 53.Kf2 Rd2+  1/2-1/2

[Event "ARG-ch sf"]
[Site "ARG"]
[Date "1989.??.??"]
[Round "?"]
[White "Grynszpan, Mariano"]
[Black "Trincado, Juan Fernando"]
[Result "1-0"]
[WhiteElo "2390"]
[BlackElo "2310"]

1.d4 Nf6 2.c4 c5 3.d5 e6 4.Nc3 exd5 5.cxd5 d6 6.Nf3 g6 7.Bf4 Bg7 8.Qa4+ Bd7
9.Qb3 Qc7 10.e4 O-O 11.Be2 b5 12.e5 Nh5 13.exd6 Qa5 14.Be3 c4 15.Qc2 Bf5
16.Qc1 b4 17.Nd1 c3 18.Bd4 Re8 19.Bxg7 Bd3 20.Be5 Bxe2 21.Kxe2 Qb5+ 22.Ke1 Nd7
23.bxc3 Nxe5 24.Nxe5 Rxe5+ 25.Ne3 bxc3 26.g3 Rc8 27.Qc2 Qxd5 28.Ke2 Qxd6
29.Rhd1 Qc6 30.Rd3 Nf6 31.Rad1 Ng4 32.Rd8+ Rxd8 33.Rxd8+ Kg7 34.Rd3 Qg2  1-0

[Event "Augsburg"]
[Site "Augsburg"]
[Date "1989.??.??"]
[Round "7"]
[White "Meister, Peter"]
[Black "Meier, T."]
[Result "1-0"]
[WhiteElo "2425"]
[BlackElo "2295"]

1.d4 Nf6 2.c4 c5 3.d5 e6 4.Nc3 exd5 5.cxd5 d6 6.Nf3 g6 7.Nd2 a6 8.a4 Nbd7
9.e4 Bg7 10.Be2 O-O 11.O-O Re8 12.Qc2 Qe7 13.Re1 Ne5 14.Ra3 Rb8 15.a5 h5
16.Nf1 b5 17.axb6 Rxb6 18.h3 Qc7 19.f4 Ned7 20.Ne3 Rb4 21.Nc4 Nb6 22.b3 Nxc4
23.Bxc4 Rb6 24.Bd2 Nd7 25.Nd1 Qd8 26.Bc3 Qh4 27.Qf2 Qe7 28.Ra2 Bxc3 29.Nxc3 Nb8
30.e5 Bf5 31.Rae2 Qd8 32.Na4 Rb4 33.exd6 Rxe2 34.Rxe2 Qxd6 35.Re8+ Kg7 36.Nxc5 Qf6
37.Qe3 Rb6 38.Ne6+ fxe6 39.Qxb6 Nd7 40.Qd6 exd5 41.Qxd5  1-0

[Event "AUT-chT"]
[Site "?"]
[Date "1989.??.??"]
[Round "?"]
[White "Fauland, Alexander"]
[Black "Hanel, Reinhard"]
[Result "1-0"]
[WhiteElo "2450"]
[BlackElo "2375"]

1.d4 Nf6 2.Nf3 e6 3.c4 c5 4.d5 exd5 5.cxd5 d6 6.Nc3 g6 7.Bf4 a6 8.a4 Bg7
9.e4 O-O 10.Nd2 Ng4 11.Nc4 Bd4 12.Bg3 f5 13.Be2 f4 14.Bxg4 fxg3 15.Bxc8 Bxf2+
16.Kd2 Qxc8 17.Nb6 Qd8 18.Nxa8 Nd7 19.Qg4 Ne5 20.Qe6+ Kh8 21.hxg3 Nc4+ 22.Kc2 Bd4
23.Kb3 Na5+ 24.Ka2 Bxc3 25.Raf1 Bf6 26.Nb6  1-0

[Event "FRG-ch"]
[Site "Bad Neuenahr"]
[Date "1989.??.??"]
[Round "?"]
[White "Michaelsen, Nils"]
[Black "Maier, Christian"]
[Result "1/2-1/2"]
[WhiteElo "2360"]
[BlackElo "2325"]

1.d4 Nf6 2.c4 e6 3.Nf3 c5 4.d5 exd5 5.cxd5 d6 6.Nc3 g6 7.Nd2 Bg7 8.Nc4 O-O
9.Bg5 h6 10.Bf4 Na6 11.e3 Ne8 12.Be2 Nac7 13.a4 b6 14.Qd2 Ba6 15.O-O Rb8
16.Rfe1 Bxc4 17.Bxc4 a6 18.e4 b5 19.Bf1 Kh7 20.Bg3 bxa4 21.Rxa4 Rb6 22.h3 Nb5
23.Nxb5 axb5 24.Ra5 c4 25.f4 Rb7 26.Raa1 Nf6 27.Rad1 Rd7 28.Qc2 Re8 29.Bh4 Qc7
30.g4 Qc5+ 31.Bf2 Qb4 32.Bg2 Ng8 33.Re2 Rdd8 34.Bg3 Ra8 35.e5 Ra2 36.Rde1 Ne7
37.Kh1 Nc8 38.h4 dxe5 39.fxe5 c3 40.Qxc3 Qxg4 41.Re4 Qd7 42.Qb3 Ra4 43.Rxa4 bxa4
44.Qd3 Kh8 45.Kh2 Ne7 46.e6 fxe6 47.Rxe6 Nf5 48.Qe4  1/2-1/2

[Event "Bad Woerishofen op"]
[Site "Bad Woerishofen"]
[Date "1989.??.??"]
[Round "?"]
[White "Daeubler, Heinrich"]
[Black "Kindermann, Stefan"]
[Result "0-1"]
[WhiteElo "2250"]
[BlackElo "2515"]

1.d4 Nf6 2.c4 e6 3.Nf3 c5 4.d5 exd5 5.cxd5 d6 6.Nc3 g6 7.Nd2 Bg7 8.Nc4 O-O
9.Bf4 Na6 10.Qd2 b5 11.Nxd6 b4 12.Nce4 Nxe4 13.Nxe4 f5 14.Bg5 Qb6 15.Ng3 c4
16.Rc1 c3 17.bxc3 Bxc3 18.Rxc3 bxc3 19.Qxc3 f4 20.Bh6 Qb1+ 21.Kd2 Rf7 22.Qc6 Bb7  0-1

[Event "Belfort op"]
[Site "Belfort"]
[Date "1989.??.??"]
[Round "1"]
[White "Lalic, Bogdan"]
[Black "Delmont, Jean Robert"]
[Result "1-0"]
[WhiteElo "2525"]
[BlackElo "2090"]

1.d4 Nf6 2.c4 c5 3.d5 e6 4.Nc3 exd5 5.cxd5 d6 6.Nf3 g6 7.Nd2 Bg7 8.e4 O-O
9.Be2 b6 10.O-O Re8 11.a4 Na6 12.f3 Nb4 13.Nc4 Ba6 14.Nb5 Bxb5 15.axb5 Nh5
16.g4 Bd4+ 17.Kh1 Qh4 18.gxh5 Re5 19.Nxe5 Bxe5 20.f4 Bd4 21.Bf3 Bf2 22.Qd2 Bg3
23.Kg1  1-0

[Event "Belfort op"]
[Site "Belfort"]
[Date "1989.??.??"]
[Round "1"]
[White "Cebalo, Miso"]
[Black "Van der Vorst, C."]
[Result "1-0"]
[WhiteElo "2505"]
[BlackElo "1790"]

1.d4 Nf6 2.Nf3 e6 3.c4 c5 4.d5 exd5 5.cxd5 d6 6.Nc3 g6 7.Bg5 Bg7 8.Nd2 h6
9.Bh4 O-O 10.Nc4 a6 11.a4 Re8 12.e3 Qc7 13.Bg3 Bf8 14.Be2 Nbd7 15.O-O Rb8
16.a5 b5 17.axb6 Nxb6 18.Na5 Nbd7 19.Qc2 Bb7 20.Rfd1 Ne5 21.h3 c4 22.Bxe5 Rxe5
23.Nxc4 Ree8 24.Qa4 Nd7 25.Qa3 Ne5 26.Na5 Qb6 27.b4 Bc8 28.Rab1 Bd7 29.Ne4 Bg7
30.f4 Ng4 31.Nc4 Qa7 32.hxg4 Rxe4 33.Kh2 Bb5 34.Nxd6 Rxe3 35.Nxb5 Rxb5 36.Qa2 Rb8
37.d6 Qd7 38.Rbc1 Rbe8 39.Rc7 Qd8 40.Qxf7+  1-0

[Event "GMA-qual"]
[Site "Belgorod"]
[Date "1989.??.??"]
[Round "?"]
[White "Anastasian, Ashot"]
[Black "Moldobaev, Emil"]
[Result "1/2-1/2"]
[WhiteElo "2475"]
[BlackElo "2375"]

1.d4 Nf6 2.Nf3 e6 3.c4 c5 4.d5 d6 5.Nc3 exd5 6.cxd5 g6 7.Bf4 a6 8.e4 b5 9.Nd2 Bg7
10.Be2 O-O 11.O-O Ne8 12.Qc2 f5 13.h3 g5 14.Bh2 f4 15.a4 b4 16.Ncb1 Nd7 17.Nc4 Ne5
18.Nbd2 Ra7 19.Rae1 Re7 20.Nf3 Nxf3+ 21.Bxf3 Bd4 22.Rd1 a5 23.Rfe1 Ba6 24.Nd2 Nf6
25.Be2 Bxe2 26.Rxe2 Nd7 27.Kf1 Bg7 28.Bg1 Ne5 29.f3 h5 30.Nc4 Nxc4 31.Qxc4 Be5
32.Bf2 Rg7 33.Rc2 Kh8 34.Ke2 Rfg8 35.b3 Rh7 36.Rh1 Rgg7 37.Rcc1 g4 38.hxg4 hxg4
39.Rxh7+ Rxh7 40.fxg4 Qc8 41.Kf3 Kg8 42.Qb5 Rg7 43.Ke2 Rxg4 44.Kf1 Qd8 45.Qc6 Rg7
46.Rxc5 dxc5 47.Qe6+ Kh7 48.Qxe5 Qc8 49.Qxf4 c4 50.bxc4 Qxc4+ 51.Kg1 b3 52.Qh4+ Kg8
53.Qd8+ Kh7 54.Qh4+  1/2-1/2

[Event "GMA-qual"]
[Site "Belgorod"]
[Date "1989.??.??"]
[Round "?"]
[White "Tunik, Gennady"]
[Black "Tsarev, V."]
[Result "0-1"]
[WhiteElo "2435"]
[BlackElo "2430"]

1.d4 Nf6 2.c4 e6 3.Nf3 c5 4.d5 exd5 5.cxd5 d6 6.Nc3 g6 7.e4 a6 8.a4 Bg7 9.Bd3 O-O
10.h3 Nh5 11.O-O Nd7 12.Re1 Ne5 13.Be2 Qe7 14.Nxe5 Qxe5 15.Bxh5 gxh5 16.Qf3 Re8
17.Bf4 Qf6 18.Qg3 h4 19.Qh2 Qd4 20.Bxd6 Qb4 21.e5 Bf5 22.a5 Rad8 23.Bc7 Rd7
24.d6 Qxb2 25.Na4 Qxe5 26.Qxe5 Rxe5 27.Nb6 c4 28.Nxc4 Rc5 29.Re8+ Bf8 30.Nb6 Rdxc7
31.dxc7 Rxc7 32.Nd5 Rc5 33.Ne7+ Kg7 34.Nxf5+ Rxf5 35.Re4 Bc5 36.Ra2 b6 37.Rae2 Kf8
38.Rxh4 Kg7 39.g4 Rf6 40.Rh5 Bd4 41.axb6 Bxb6 42.Rd5 a5 43.Kg2 Rc6 44.Rf5 Rc4
45.Rd2 Rc7 46.Rd6 Bc5 47.Ra6 Bb4 48.g5 Rd7 49.h4 h5 50.gxh6+ Kh7 51.Raf6 Rd4
52.Rxf7+ Kxh6 53.R5f6+ Kh5 54.Rh7+ Kg4 55.f3+  0-1

[Event "Belgrade op"]
[Site "Belgrade"]
[Date "1989.??.??"]
[Round "2"]
[White "Ristic, Nebojsa"]
[Black "Zelcic, Robert"]
[Result "1-0"]
[WhiteElo "2325"]
[BlackElo "2315"]

1.d4 Nf6 2.Nf3 c5 3.d5 e6 4.c4 exd5 5.cxd5 d6 6.Nc3 g6 7.Bg5 Bg7 8.Qd2 h6
9.Bf4 g5 10.Qe3+ Kf8 11.Bg3 Nh5 12.Qd2 f5 13.e3 Bf6 14.Bd3 Kg7 15.Qc2 Rf8
16.O-O-O Na6 17.a3 Nxg3 18.hxg3 Bd7 19.e4 Nb4 20.axb4 cxb4 21.e5 dxe5 22.Bxf5 Bxf5
23.Qxf5 Qc8 24.Qe4 bxc3 25.Rxh6 Kf7 26.Nxe5+  1-0

[Event "Benidorm op"]
[Site "Benidorm"]
[Date "1989.??.??"]
[Round "?"]
[White "Garcia Trobat, Francisco"]
[Black "Gil Reguera, Juan Carlos"]
[Result "1/2-1/2"]
[WhiteElo "2310"]
[BlackElo "2405"]

1.d4 Nf6 2.Nf3 e6 3.c4 c5 4.d5 exd5 5.cxd5 d6 6.Nc3 g6 7.Nd2 Bg7 8.e4 O-O
9.Be2 Re8 10.O-O Na6 11.f3 Nc7 12.a4 b6 13.Nc4 Ba6 14.Bg5 Qd7 15.Rb1 Rab8
16.Qd2 Bxc4 17.Bxc4 a6 18.b4 b5 19.Bd3 c4 20.Bc2 bxa4 21.Bxa4 Nb5 22.Bxb5 axb5
23.Be3 Ra8 24.Ra1 Qb7 25.Bd4 Nd7 26.Bxg7 Kxg7 27.Qd4+ Kg8 28.f4 f6 29.h3 Ra6
30.Rxa6 Qxa6 31.Rf2 Qa3 32.Nxb5 Qxb4 33.Nc3 Ra8 34.Kh2 Ra3 35.Rf3 Rb3 36.h4 Qc5
37.Qd2 Qc8 38.h5 Qf8 39.Rh3 gxh5 40.Qe2 Rb4 41.Qxh5 Qe7 42.Qg4+ Kh8 43.Qe6 Qxe6
44.dxe6 Nc5 45.Nd5 Rb8 46.Nxf6 Kg7 47.Nd7 Nxd7 48.exd7 Rd8 49.Rc3 d5 50.exd5 Rxd7
51.Rxc4 Rxd5 52.Rc6 Rd3 53.g3 Ra3 54.Kh3 Rb3 55.Kg4 Ra3 56.f5 Rb3 57.Kh4 Ra3
58.Rc7+ Kh6 59.g4 Ra4 60.Rc8 Rb4 61.Rc6+ Kg7 62.Kg5 Rb7 63.Ra6 Rc7 64.Kh5 Rb7
65.g5 Rb1 66.Ra7+ Kg8 67.Kg4 Rf1 68.f6 Rf2 69.Ra4 Kf7 70.Kh5 Rh2+ 71.Kg4 Rf2
72.Ra7+ Kg8 73.Rg7+ Kh8 74.Re7 Kg8 75.Re3 Rf1 76.Rh3 Rg1+ 77.Kh5 Rf1 78.Kh6 Rf2
79.Rh1 Rf3 80.Rh2 Rf1 81.Rh3 Rf2  1/2-1/2

[Event "CZE-ch U16"]
[Site "Brno"]
[Date "1989.??.??"]
[Round "7"]
[White "Babula, Vlastimil"]
[Black "Belaska, Premysl"]
[Result "1-0"]
[WhiteElo "2132"]
[BlackElo "1974"]

1.d4 Nf6 2.c4 e6 3.Nf3 c5 4.d5 exd5 5.cxd5 d6 6.Nc3 g6 7.e4 Bg7 8.Be2 O-O
9.Bg5 h6 10.Bh4 g5 11.Bg3 Nh5 12.Nd2 Nxg3 13.hxg3 a6 14.a4 Nd7 15.Nc4 Nb6
16.Ne3 Bd7 17.a5 Nc8 18.Bg4 Ne7 19.Bxd7 Qxd7 20.g4 Rae8 21.O-O Ng6 22.Qc2 Kh7
23.g3 Rh8 24.Kg2 Bxc3 25.bxc3 Ne5 26.f3 Kg7 27.Rh1 Rh7 28.Nf5+ Kg6 29.Rab1 Reh8
30.Rh5 f6 31.c4 Rb8 32.Rb6 Nf7 33.Nxd6 Ne5 34.Nf5 Qf7 35.Qc1 Rbh8 36.Nxh6  1-0

[Event "Noviki-C"]
[Site "Budapest"]
[Date "1989.??.??"]
[Round "?"]
[White "Eperjesi, Laszlo"]
[Black "Bordas, Gyula"]
[Result "1-0"]
[WhiteElo "2375"]
[BlackElo "2255"]

1.d4 Nf6 2.c4 c5 3.d5 e6 4.Nc3 exd5 5.cxd5 d6 6.Nf3 Nbd7 7.e4 h6 8.Be2 g5
9.h4 g4 10.Nh2 Ne5 11.Nf1 Nh5 12.Ng3 Nxg3 13.fxg3 Bg7 14.Bb5+ Kf8 15.Be2 Kg8
16.O-O Kh7 17.Bf4 Rf8 18.a4 Ng6 19.Bxg4 Bd4+ 20.Kh1 Nxf4 21.Bxc8 Qxc8 22.Rxf4 Be5
23.Rf5 Qd7 24.Qf3 f6 25.g4 Qg7 26.Rh5 Rg8 27.g5 fxg5 28.hxg5 Raf8 29.Qh3 Rh8
30.Rxh6+ Qxh6 31.gxh6 Rf6 32.Qd7+ Kxh6 33.g3 Bd4 34.Qg4 Rg6 35.Qf4+ Kg7+
36.Kg2 Be5 37.Qf3 Rf6 38.Qd3 Rg6 39.Rh1 Rxh1 40.Kxh1 Rxg3 41.Qb5 Re3  1-0

[Event "Spring op"]
[Site "Budapest"]
[Date "1989.??.??"]
[Round "?"]
[White "Appel, Ralf"]
[Black "Kapengut, Albert Z"]
[Result "0-1"]
[WhiteElo "2320"]
[BlackElo "2460"]

1.d4 Nf6 2.c4 c5 3.d5 e6 4.Nc3 exd5 5.cxd5 d6 6.Nf3 g6 7.Bf4 a6 8.a4 Bg7
9.e4 Bg4 10.h3 Bxf3 11.Qxf3 O-O 12.Be2 Nh5 13.Bh2 Qe7 14.O-O Nd7 15.Rfe1 Bd4
16.g4 Nhf6 17.Bf1 h5 18.Qg3 Ne5 19.Be2 hxg4 20.hxg4 g5 21.Kg2 Kg7 22.f3 Rh8
23.Rh1 Ng6 24.Qe1 Nh4+ 25.Kf1 Nxg4  0-1

[Event "Cannes op"]
[Site "Cannes"]
[Date "1989.??.??"]
[Round "?"]
[White "Levacic, Damir"]
[Black "Andrijevic, Milan"]
[Result "1-0"]
[WhiteElo "2285"]
[BlackElo "2410"]

1.d4 Nf6 2.Nf3 e6 3.c4 c5 4.d5 exd5 5.cxd5 d6 6.Nc3 g6 7.g3 Bg7 8.Bg2 O-O
9.O-O a6 10.a4 Re8 11.Bf4 Qc7 12.Qd2 Nbd7 13.Rfc1 Ne4 14.Nxe4 Rxe4 15.Ra3 Rb8
16.b4 b5 17.bxc5 Nxc5 18.axb5 axb5 19.Re3 Bf5 20.Rxe4 Bxe4 21.Qe3 Bxf3 22.Bxf3 Rc8
23.Rb1 Rb8 24.Rxb5 Rxb5 25.Qe8+ Bf8 26.Qxb5 Qe7 27.h4 h6 28.h5 g5 29.Be3 Nd7
30.Qd3 Ne5 31.Qf5 Qd7 32.Be4 Qxf5 33.Bxf5 Bg7 34.Kf1 Kf8 35.Ke1 Ke7 36.Kd1 Nc4
37.Ba7 Bc3 38.Bd3 Ne5 39.Kc2 Ba5 40.Bd4 f6 41.Bf5 Bb4 42.f4 gxf4 43.gxf4 Nf7
44.Kd3 Nd8 45.Ke4 Be1 46.Bc8 Kf7 47.Kf5 Bh4 48.Bb6 Ke8 49.Kg6  1-0

[Event "Cheliabinsk"]
[Site "Cheliabinsk"]
[Date "1989.??.??"]
[Round "?"]
[White "Sorokin, Maxim"]
[Black "Gleizerov, Evgeny"]
[Result "1/2-1/2"]
[WhiteElo "2420"]
[BlackElo "2420"]

1.Nf3 Nf6 2.c4 e6 3.d4 c5 4.d5 exd5 5.cxd5 d6 6.Nc3 g6 7.Bf4 Bg7 8.Qb3 b5
9.Nxb5 O-O 10.Nxd6 Na6 11.e3 Qa5+ 12.Nd2 Nb4 13.Rc1 Nfxd5 14.a3 Nxf4 15.axb4 Qc7
16.bxc5 Rb8 17.Qc4 Bxb2 18.exf4 Be6 19.Qc2 Bxc1 20.Qxc1 Bd5  1/2-1/2

[Event "Copenhagen op"]
[Site "Copenhagen"]
[Date "1989.??.??"]
[Round "1"]
[White "Clausen, Steen"]
[Black "Hamann, Svend"]
[Result "1/2-1/2"]
[WhiteElo "2245"]
[BlackElo "2395"]

1.d4 Nf6 2.Nf3 c5 3.d5 e6 4.c4 exd5 5.cxd5 d6 6.Nc3 g6 7.e4 Bg7 8.Nd2 Nbd7
9.Be2 O-O 10.O-O Re8 11.h3 a6 12.a4 Rb8 13.Qc2 Qe7 14.Ra3 Nh5 15.Bxh5 gxh5
16.Ne2 Nf6 17.Nf4 h4 18.Re3 Bh6 19.g3 b5 20.axb5 axb5 21.Rfe1 Nd7 22.b3 Ne5
23.Nf3 hxg3 24.fxg3 Ng6 25.R3e2 Bg7 26.Nh5 Ne5 27.Rf2 Bxh3 28.Nxg7 Kxg7 29.Nxe5 dxe5
30.Qd2 Rb6 31.Rh2 Bg4 32.Rh6 Rg6 33.Kg2 Bf3+ 34.Kxf3 Qf6+ 35.Kg2 Rxh6 36.Qxh6+ Qxh6
37.Bxh6+ Kxh6 38.Ra1 Rc8 39.Ra6+ Kg7 40.Rc6 Rb8 41.Rxc5 Kf6 42.Rc7 h5 43.Kh3 Rg8
44.Rc6+  1/2-1/2

[Event "Dortmund-B"]
[Site "Dortmund"]
[Date "1989.??.??"]
[Round "?"]
[White "Flear, Glenn C"]
[Black "Wahls, Matthias"]
[Result "1/2-1/2"]
[WhiteElo "2500"]
[BlackElo "2515"]

1.d4 Nf6 2.c4 e6 3.Nf3 c5 4.d5 exd5 5.cxd5 d6 6.Nc3 g6 7.Bf4 a6 8.e4 b5 9.Qe2 Be7
10.Qc2 O-O 11.Be2 Re8 12.Nd2 Bf8 13.O-O Nbd7 14.Rfe1 Ne5 15.a4 b4 16.Nd1 Bg4
17.Ne3 Bxe2 18.Rxe2 Rb8 19.Bxe5 Rxe5 20.Nec4 Re8 21.Nb3 Qd7 22.Nba5 b3 23.Qd3 Nh5
24.g3 Qg4 25.Kh1 Qh3 26.Re3 f5 27.exf5 Nf6 28.f3 Qxf5 29.Qxf5 gxf5 30.Rxb3 Rxb3
31.Nxb3 Nxd5 32.Rd1 Nb4 33.Rd2 Re6 34.f4 d5 35.Ne5 Bd6 36.Nd7 c4 37.Nd4 Re1+
38.Kg2 Kf7 39.Nxf5 Ke6 40.Nxd6 Kxd6 41.Ne5 Kc5 42.Nd7+  1/2-1/2

[Event "ESP-ch"]
[Site "ESP"]
[Date "1989.??.??"]
[Round "2"]
[White "Bernal, Eduardo"]
[Black "Bellon Lopez, Juan Manuel"]
[Result "0-1"]
[WhiteElo "2375"]
[BlackElo "2470"]

1.d4 Nf6 2.c4 c5 3.d5 e6 4.Nc3 exd5 5.cxd5 d6 6.Nf3 g6 7.Nd2 Bg7 8.e4 O-O
9.Be2 Na6 10.O-O Ne8 11.Nc4 f5 12.exf5 Bxf5 13.Bf4 b5 14.Ne3 Bd7 15.Bg3 c4
16.a4 b4 17.Ne4 Bf5 18.Bxc4 Bxe4 19.Bxa6 Bxb2 20.Ra2 Bc3 21.Nc4 Rb8 22.Re2 Bf5
23.Bb5 Bd7 24.Bxd7 Qxd7 25.Re6 Rf6 26.Nxd6 Rxe6 27.dxe6 Qxe6 28.Nb5 Rb7 29.Qf3 Rf7
30.Qa8 Kg7 31.Qb8 Bf6 32.f3 Re7 33.Nd6 Bd4+ 34.Kh1 Nxd6 35.Bxd6 Qe2 36.Qb5 Qxb5
37.axb5 Rb7 38.Bxb4 Rxb5 39.Bd6 Ra5 40.h3 Ra1 41.Rxa1 Bxa1 42.Kg1 Kf6 43.Kf2 Ke6
44.Ba3 Ke5 45.Ke3 Bd4+ 46.Kd3 Bf2 47.Bb2+ Kf4 48.Ke2 Bc5 49.Bc3 Bb6 50.Be1 a5
51.g3+ Ke5 52.Kd3 Kd5 53.f4 a4 54.Bc3 Bc7 55.Bf6 a3 56.Kc3 Ke4 57.Kb3 Bd6
58.Bc3 h5 59.Bf6 Kf3 60.Be5 Bc5 61.g4 hxg4 62.hxg4 Kxg4 63.Ka2 Kf5 64.Bc7 Ke4
65.Kb3 Kd5 66.Ba5 Bd6 67.Bd2 Ke4 68.Bc1 Kd3 69.Ka2 Bb4 70.Kb3 Bc5  0-1